[Event "Udaipur Pandiyar op 8th"]
[Site "Udaipur"]
[Date "2023.10.19"]
[Round "9"]
[White "Shivam, Chandak"]
[Black "Borse, Vaibhav"]
[Result "1/2-1/2"]
[WhiteElo "1924"]
[BlackElo "1574"]
[PlyCount "84"]
[EventDate "2023.10.15"]
[EventType "swiss"]
[EventRounds "9"]
[EventCountry "IND"]
[SourceTitle "CBM 216 Extra"]
[Source "ChessBase"]
[SourceDate "2023.11.30"]
[SourceVersion "1"]
[SourceVersionDate "2023.11.30"]
[SourceQuality "1"]

1. e4 c5 2. Nf3 Nc6 3. Nc3 g6 4. d4 cxd4 5. Nxd4 Bg7 6. Be3 Nf6 7. Bc4 0-0 8. Bb3 Re8 9. 0-0 d6 10. h3 Na5 11. f4 b6 12. Qf3 Nxb3 13. Nxb3 Bb7 14. Bd4 Rc8 15. Rae1 Nd7 16. Bxg7 Kxg7 17. Nd4 Rc4 18. Qd3 Qc8 19. Kh2 Ba6 20. Rf3 Rc5 21. Qd2 Bb7 22. Rg3 a6 23. f5 Nf6 24. fxg6 fxg6 25. Nf5+ Kh8 26. Qh6 Rxf5 27. exf5 Qxf5 28. Re2 Nh5 29. Rge3 e5 30. g4 Qf4+ 31. Qxf4 Nxf4 32. Rd2 d5 33. g5 Kg7 34. Rd4 Kf7 35. Rxf4+ exf4 36. Rxe8 Kxe8 37. Ne2 Ke7 38. Nxf4 Kd6 39. Nd3 Bc8 40. Kg3 Bf5 41. Kf4 Bxh3 42. c3 Bf5 1/2-1/2

[Event "IND-ch U25 26th"]
[Site "Port Blair"]
[Date "2017.07.17"]
[Round "7"]
[White "Das, Susobhit"]
[Black "Shivam, Chandak"]
[Result "0-1"]
[WhiteElo "1761"]
[BlackElo "1949"]
[PlyCount "72"]
[EventDate "2017.07.13"]
[EventType "swiss"]
[EventRounds "9"]
[EventCountry "IND"]
[SourceTitle "EXT 2018"]
[Source "ChessBase"]
[SourceDate "2017.10.13"]
[SourceVersion "1"]
[SourceVersionDate "2017.10.13"]
[SourceQuality "1"]

1. d4 Nf6 2. c4 e6 3. Nf3 d5 4. Nc3 Be7 5. Bg5 h6 6. Bh4 0-0 7. e3 Nbd7 8. Rc1 a6 9. cxd5 exd5 10. Bd3 b6 11. 0-0 Bb7 12. Qc2 c5 13. Bf5 c4 14. Rcd1 b5 15. a3 Re8 16. Ne5 Nf8 17. Qe2 g6 18. Bc2 Ne4 19. Qf3 f6 20. Nxg6 Nxg6 21. Qg4 Kg7 22. f3 h5 23. Qxh5 Rh8 24. Bxf6+ Bxf6 25. Qf5 Bc8 26. Qxd5 Nxc3 27. Qxa8 Qc7 28. f4 Nxd1 29. Qe4 Ne7 30. Bxd1 Qc6 31. Qc2 Bf5 32. Qf2 Be4 33. Bg4 Nf5 34. Bxf5 Bxf5 35. g4 Bxg4 36. Qg3 Kf7 0-1